| 000 | 00486nam a2200181Ia 4500 | ||
|---|---|---|---|
| 008 | 230711s9999||||xx |||||||||||||| ||und|| | ||
| 020 | _a978-0-470-94674-9 | ||
| 041 | _aENG | ||
| 082 |
_a720 _bCL-P |
||
| 100 | _aClark,Roger H | ||
| 245 | 0 | _aPrecedents in Architecture ; Analytic Diagrams, Formative Ideas and Partis | |
| 250 | _a4th Ed. | ||
| 260 |
_c2012 _aNew Jersy _bJohn Wiley & Sons.Inc |
||
| 300 | _a336p. | ||
| 650 | _aArchitecture | ||
| 700 | _aPause,Michael | ||
| 942 | _cBK | ||
| 999 |
_c6458 _d6458 |
||